Death penalty / (Record no. 168088)

MARC details
000 -LEADER
fixed length control field 00818cam a2200253 a 4500
001 - CONTROL NUMBER
control field vtls003157621
003 - CONTROL NUMBER IDENTIFIER
control field MY-SjTCS
005 - DATE AND TIME OF LATEST TRANSACTION
control field 20200226120639.0
008 - FIXED-LENGTH DATA ELEMENTS--GENERAL INFORMATION
fixed length control field 110218s2009 miu b 001 0 eng
020 ## - INTERNATIONAL STANDARD BOOK NUMBER
International Standard Book Number 9781420500486 (hbk.)
039 #9 - LEVEL OF BIBLIOGRAPHIC CONTROL AND CODING DETAIL [OBSOLETE]
Level of rules in bibliographic description 201102181735
Level of effort used to assign nonsubject heading access points VLOAD
Level of effort used to assign subject headings 201101281742
Level of effort used to assign classification pushpa
Level of effort used to assign subject headings 201101281627
Level of effort used to assign classification pushpa
-- 201006171751
-- wilmina
043 ## - GEOGRAPHIC AREA CODE
Geographic area code n-us---
082 04 - DEWEY DECIMAL CLASSIFICATION NUMBER
Classification number 364.660973
Item number GOL 2009
100 1# - MAIN ENTRY--PERSONAL NAME
Personal name Golston, Syd.
9 (RLIN) 84448
245 10 - TITLE STATEMENT
Title Death penalty /
Statement of responsibility, etc. by Syd Golston.
260 ## - PUBLICATION, DISTRIBUTION, ETC.
Place of publication, distribution, etc. Detroit :
Name of publisher, distributor, etc. Lucent Books,
Date of publication, distribution, etc. c2009.
300 ## - PHYSICAL DESCRIPTION
Extent 104 p. :
Other physical details col. ill. ;
Dimensions 24 cm.
490 1# - SERIES STATEMENT
Series statement Hot topics
504 ## - BIBLIOGRAPHY, ETC. NOTE
Bibliography, etc. note Includes bibliographical references (p. 96-97) and index.
650 #0 - SUBJECT ADDED ENTRY--TOPICAL TERM
Topical term or geographic name entry element Capital punishment
650 #0 - SUBJECT ADDED ENTRY--TOPICAL TERM
Topical term or geographic name entry element Capital punishment
Geographic subdivision United States
9 (RLIN) 15920
830 #0 - SERIES ADDED ENTRY--UNIFORM TITLE
Uniform title Hot topics
920 ## - Programme
Programme ADTP : 145232
Holdings
Withdrawn status Lost status Source of classification or shelving scheme Damaged status Not for loan Home library Current library Date acquired Cost, normal purchase price Total Checkouts Total Renewals Barcode Date last seen Date last checked out Copy number Uniform Resource Identifier Cost, replacement price Koha item type Public note
    Dewey Decimal Classification     Taylor's Library-TU Taylor's Library-TU 06/12/2010 111.47 17 1 5000106152 09/11/2022 06/10/2022 1 Floor 4, Shelf 10 , Side 2, TierNo 4, BayNo 2 111.47 Main Collection SLASx,05000,03,CL